000 01186nac a22002897a 4500
001 BR7304593
003 BR-BrBNA
005 20240105113525.0
008 230509b bl.|||m| |||| 00| 0 por d
040 _aBR-BrBNA
_bpor
_cBiblioteca Nacional de Agricultura
072 _aE30; E10
090 _a0230 BR7304593
110 1 _aGrupo Especial para Racionalizacao da Agroindustria Canavieira do Nordeste, Recife, PE (Brasil)
_95458
245 1 _aProposta de criacao de um sistema integrado de treinamento para a reestruturacao agraria e racionalizacao da agroindustria canavieira do nordeste, v. 1 SITRAN fundamentacao teorica, conclusoes [Sistema Integrado de Treinamento do Nordeste; Brasil]
260 3 _aRecife, PE (Brasil):
_c1970.
300 _a31 p.
490 _aPublicacao - Grupo Especial para Racionalizacao da Agroindustria Canavieira do Nordeste (Brazil)
_vno. 10
_x
650 _aINDUSTRIA AGRICOLA
650 _aCANA DE ACUCAR
650 _aTREINAMENTO
650 _aMAO-DE-OBRA
650 _aPOLITICA AGRICOLA
650 _aDESENVOLVIMENTO ECONOMICO
650 _aREGIAO NORDESTE
909 _a202312
_bLúcia Elande
_c55
_dLúcia Elande
942 _2AGRIS
_n0
_cMS
999 _c264228
_d264228